Katedrály a konkatedrála v České republice - Statistics

General Stats
  • This quiz has been taken 11 times
  • The average score is 4 of 16
Answer Stats
Picture Answer % Correct
Katedrála svatého Víta, Václava, Vojtěcha
100%
Katedrála svatého Bartoloměje
50%
Katedrála svatého Petra a Pavla
50%
Katedrála svatého Václava
50%
Konkatedrála Nanebevzetí Panny Marie
30%
Katedrála Božského Spasitele
20%
Katedrála svatého Ducha
20%
Katedrála svatého Mikuláše
20%
Katedrála svatého Štěpána
20%
Chrám svatého Cyrila a Metoděje
0%
Chrám svatého Ducha
0%
Chrám svatého Gorazda
0%
Chrám svatého Václava
0%
Katedrála svatého Klimenta
0%
Katedrální chrám Proměnění Páně
0%
Katedrální chrám svatého Vavřince
0%
No matching quizzes found
Score Distribution
Percent of People with Each Score
Percentile by Number Answered
Your Score History
You have not taken this quiz